Szczegóły MARC21

Nowe trendy w żywieniu i suplementacji osób aktywnych fizycznie /

003 -Nazwa inst., której nr kontr. jest w polu 001 [,]
    • @
    • Nazwa instytucji, której n kontrolny jest w polu 001
    • NUKAT
005 -DATA I CZAS OSTATNIEJ MODYFIKACJI [,]
    • @
    • pole kontrolne
    • 20241231114406.0
020 -Międzynarod. znormalizowany nr książki - ISBN [ , ]
    • a
    • Numer ISBN
    • 9788364036811 Find
040 -Instytucja sporządzająca opis [ , ]
    • a
    • Instytucja, która sporządziła opis (NP)
    • Ł U/AC
    • c
    • Instytucja, która sporządziła rekord (NP)
    • Ł U/AC
    • d
    • Instytucja, która zmodyfikowała rekord (P)
    • Ł U/AC
    • d
    • Instytucja, która zmodyfikowała rekord (P)
    • OLSZT 003/JG
    • d
    • Instytucja, która zmodyfikowała rekord (P)
    • SZCZ 010/JT
942 -Rodzaj dokumentu [ , ]
    • c
    • Rodzaj dokumentu
    • Książka
245 -Strefa tytułu i oznaczenia odpowiedzialności [0,0]
    • a
    • Tytuł
    • Nowe trendy w żywieniu i suplementacji osób aktywnych fizycznie / Find
    • c
    • Pozostałe elementy strefy tytułu i oznaczenia odpowiedzialności (NP)
    • redakcja Grzegorz Zydek, Małgorzata Michalczyk, Adam Zając ; Akademia Wychowania Fizycznego im. Jerzego Kukuczki w Katowicach.
260 -Strefa adresu wydawniczego [ , ]
    • a
    • Miejsce wydania (P)
    • Katowice :
    • b
    • Nazwa wydawcy (P)
    • Wydawnictwo Akademii Wychowania Fizycznego im. Jerzego Kukuczki w Katowicach,
    • c
    • Data wydania (P)
    • 2017.
300 -Strefa opisu fizycznego [ , ]
    • a
    • Określenie formy książki i/lub objętość (NP)
    • 401 s. :
    • b
    • Oznaczenie ilustracji (NP)
    • il. ;
    • c
    • Format (NP)
    • 31 cm.
336 -Typ zawartości [ , ]
    • a
    • Termin opisujący typ zawartości
    • Tekst
    • b
    • Kod określający zawartość
    • txt
    • 2
    • Źródło (terminu i kodu)
    • rdacontent
337 -Typ mediów [ , ]
    • a
    • Tryb odtwarzania
    • Bez urządzenia pośredniczącego
    • b
    • Kod typu mediów
    • n
    • 2
    • Źródło (terminu i kodu)
    • rdamedia
338 -Typ/rodzaj nośnika [ , ]
    • a
    • Hasło opisujące typ nośnika
    • Wolumin
    • b
    • Kod typu nośnika
    • nc
    • 2
    • Źródło (terminu i kodu)
    • rdacarrier
504 -Uwaga dot. bibliogr. załącznikowej [ , ]
    • a
    • Uwaga dot. bibliografii załącznikowej
    • Bibliogr. s. 395-401 i przy niektórych rozdz.
650 -Hasło przedmiotowe [ ,7]
    • a
    • Hasło przedmiotowe
    • Sportowcy
    • x
    • Określnik rzeczowy
    • odżywianie.
    • 2
    • Źródło terminu
    • kaba
    • 9
    • KHW
    • 377223
650 -Hasło przedmiotowe [ ,7]
    • a
    • Hasło przedmiotowe
    • Dodatki żywieniowe
    • x
    • Określnik rzeczowy
    • skutki fizjologiczne.
    • 2
    • Źródło terminu
    • kaba
    • 9
    • KHW
    • 433083
700 -Hasło dodatkowe - nazwa osobowa [1, ]
    • a
    • Nazwa osobowa (NP)
    • Zając, Adam. Find
    • e
    • Określenie rodzaju współpracy
    • Red.
    • 9
    • KHW
    • 21060
700 -Hasło dodatkowe - nazwa osobowa [1, ]
    • a
    • Nazwa osobowa (NP)
    • Michalczyk, Małgorzata Find
    • c
    • Dopowiedzenie inne niż daty biograficzne (NP)
    • (kultura fizyczna).
    • e
    • Określenie rodzaju współpracy
    • Red.
    • 9
    • KHW
    • 431541
700 -Hasło dodatkowe - nazwa osobowa [1, ]
    • a
    • Nazwa osobowa (NP)
    • Zydek, Grzegorz. Find
    • e
    • Określenie rodzaju współpracy
    • Red.
    • 9
    • KHW
    • 431540
710 -Hasło dodatkowe - nazwa ciała zbiorowego [2, ]
    • a
    • Nazwa ciała zbiorowego lub nazwa geograficzna jako pierwszy element (NP)
    • Akademia Wychowania Fizycznego im. Jerzego Kukuczki (Katowice).
    • b
    • Nazwa jednostki podrzędnej (P)
    • Dział Nauki, Wydawnictw i Współpracy z Zagranicą.
    • 4
    • Kod relacji
    • pbl
    • 9
    • KHW
    • 77522
856 -Dostęp do wersji elektronicznej [4,8]
    • 3
    • Wyszczególnienie materiału
    • Okładka
856 -Dostęp do wersji elektronicznej [4,1]
    • 3
    • Wyszczególnienie materiału
    • Spis treści
920 -ISBN [ , ]
    • a
    • ISBN
    • 978-83-64036-81-1 Find
Data inwentaryzacji Sygnatura Lokalizacja Status udost. Numer inwentarzowy
2018-06-11 BG-3WM.22116
2018-06-11 BG-3WM.22117
2017-10-20Żywienie i odnowa w sporcie 19BM1WF.10078